Statistics for Easiest Maths But In 15 Seconds #3

Click here to take the quiz!

General Stats

  • This quiz has been taken 361 times
  • The average score is 9 of 15

Answer Stats

HintAnswer% Correct
3-21
100%
1+23
100%
4/14
92%
66/116
92%
(1+423424)*00
91%
9=9
91%
12+12+12+12+1260
78%
6*100600
61%
11*11121
49%
23+77100
31%
90+10100
31%
99+1100
31%
0+100100
31%
99% of 10099
30%
11*11*111331
6%

Score Distribution

Percentile by Number Answered

Percent of People with Each Score

Your Score History

You have not taken this quiz